000 00303nam a22001337a 4500
008 170707b xxu||||| |||| 00| 0 eng d
020 _a0321291506
041 _aeng
080 _a05
100 _a22
101 _aGJL
245 _aTHE ALLYN BACON GUIDE TO WRITING
_cRAMAEG.J.D
942 _2udc
_cBK
999 _c20036
_d20036